Ganadores de Champions League y Copa Libertadores - Estadísticas

Estadísticas generales
  • Esta prueba ha sido intentada 133 veces
  • La puntuación promedio es 7 de 15
Answers on the Grid
Answers color-coded by a green-red scale on the quiz's grid according to % correct below.
Ronaldo
Juan Pablo Sorín
Arturo Vidal
Ángel Di María
Walter Samuel
Carlos Tevez
Dida
Alexis Sánchez
Roque Junior
Neymar
David Trezeguet
Luis Suarez
Cafú
Edinson Cavani
Danilo
Ronaldinho
Diego Milito
James Rodríguez
Rafinha
Ramires
Dani Alves
Wilfredo Caballero
Vinicius Jr
David Luiz
Julian Álvarez
Gonzalo Higuaín
Marcelo
Coutinho
 
Estadísticas de respuestas
Respuesta % Correcto
Neymar
71%
Julian Álvarez
69%
Carlos Tevez
64%
Marcelo
59%
Ronaldinho
59%
Cafú
54%
Juan Pablo Sorín
47%
Dida
46%
Walter Samuel
46%
David Luiz
33%
Danilo
29%
Rafinha
26%
Roque Junior
21%
Ramires
19%
Wilfredo Caballero
17%
No se encontraron pruebas coincidentes
Distribución de puntuación
Porcentaje de gente con cada puntuación
Porcentaje por número respondido
Historial de tus puntuaciones
No has intentado esta prueba.